Pumping stations : design for improved buildability and maintenance. (Record no. 97503)

MARC details
000 -LEADER
fixed length control field 00836cam a2200289 4500
008 - FIXED-LENGTH DATA ELEMENTS--GENERAL INFORMATION
fixed length control field 090401t1998 xxu||||| |||| 00| 0 eng d
020 ## - INTERNATIONAL STANDARD BOOK NUMBER
International Standard Book Number 0860174956
035 ## - SYSTEM CONTROL NUMBER
System control number (Sirsi) u89804
041 ## - LANGUAGE CODE
Language code of text/sound track or separate title eng
050 ## - LIBRARY OF CONGRESS CALL NUMBER
Classification number 628.29
100 ## - MAIN ENTRY--PERSONAL NAME
Personal name Wharton, S.T.
245 ## - TITLE STATEMENT
Title Pumping stations : design for improved buildability and maintenance.
260 ## - PUBLICATION, DISTRIBUTION, ETC.
Place of publication, distribution, etc. London
Name of publisher, distributor, etc. CIRIA
Date of publication, distribution, etc. 1998
300 ## - PHYSICAL DESCRIPTION
Extent 99p. : ill. ; 30cm.
350 ## - PRICE (NR) (BK AM CF MU VM SE) [OBSOLETE]
Price 0
490 ## - SERIES STATEMENT
Series statement CIRIA Report
Volume/sequential designation 182
650 ## - SUBJECT ADDED ENTRY--TOPICAL TERM
Topical term or geographic name entry element DESIGN
650 ## - SUBJECT ADDED ENTRY--TOPICAL TERM
Topical term or geographic name entry element BUILT ENVIRONMENT-BUILDING MAINTENANCE AND REFURBISHMENT
650 ## - SUBJECT ADDED ENTRY--TOPICAL TERM
Topical term or geographic name entry element PUMPING STATIONS
650 ## - SUBJECT ADDED ENTRY--TOPICAL TERM
Topical term or geographic name entry element SEWAGE
690 ## - LOCAL SUBJECT ADDED ENTRY--TOPICAL TERM (OCLC, RLIN)
Topical term or geographic name as entry element BUILT ENVIRONMENT-CONSTRUCTION DESIGN
700 ## - ADDED ENTRY--PERSONAL NAME
Personal name Martin, P.
700 ## - ADDED ENTRY--PERSONAL NAME
Personal name Watson, T.J.
710 ## - ADDED ENTRY--CORPORATE NAME
Corporate name or jurisdiction name as entry element Construction Industry Research and Information Association
9 (RLIN) 4810
942 ## - ADDED ENTRY ELEMENTS (KOHA)
Suppress in OPAC 0
948 ## - LOCAL PROCESSING INFORMATION (OCLC); SERIES PART DESIGNATOR (RLIN)
c (OCLC) 19/11/1998
Holdings
Withdrawn status Lost status Source of classification or shelving scheme Damaged status Not for loan Home library Current library Shelving location Date acquired Total Checkouts Full call number Barcode Date last seen Copy number Price effective from Koha item type
    Dewey Decimal Classification     London London Folio 14/09/1999   F628.29 30056865 06/08/2019 1 06/08/2019 Book